Представление документа в формате MARC21

ПолеНазваниеЗначение
  Тип записи a
  Библиографический уровень m
001 Контрольный номер RU\infra-m\znanium\bibl\912707
005 Дата корректировки 20260429142239.2
008 Кодируемые данные 210519s2017 RU g rus u
040 Источник каталогиз. __
a Служба первич. каталог. Общество с ограниченной ответственностью «ЗНАНИУМ»
041 Код языка издания __
a Код языка текста rus
044 Код страны публикации __
a Код страны публикации RU
080 Индекс УДК __
a Индекс УДК 355
084 Индекс другой классификации/Индекс ББК __
2 Источник индекса rubbk
a Индекс другой классификации/Индекс ББК 68.9
084 Индекс другой классификации/Индекс ББК __
2 Источник индекса okso
a Индекс другой классификации/Индекс ББК 20.00.00
100 Автор __
a Автор Кунах М.В.
q Полное имя Кунах Марина Валерьевна
245 Заглавие __
a Заглавие Основы сервиса безопасности. Часть 2: Правовые и практические аспекты сервиса безопасности
b Продолж. заглавия Учебное пособие
c Ответственность Сибирский федеральный университет
260 Выходные данные __
a Место издания Железногорск
b Издательство ФГБОУ ВО Сибирская пожарно-спасательная академия ГПС МЧС России
c Дата издания 2017
300 Физическое описание __
a Объем 136 с.
520 Аннотация __
a Аннотация Учебное пособие предназначено для самостоятельного изучения курсантами и слушателями учебных заведений МЧС России дисциплины "Основы сервиса безопасности". Содержание учебного пособия направлено на формирование системы знаний о нормативно-правовых основах деятельности по обеспечению безопасности в Российской Федерации и о практике работы компаний оказывающих услуги в области обеспечения безопасности в России.
521 Примеч. о цел. назн. __
a Примеч. о целев. назн. ВО - Бакалавриат
650 Тематические рубрики __
a Основная рубрика Военное дело. Оружие. Спецслужбы
x Основная подрубрика Служба чрезвычайных ситуаций
655 Указ. предметных рубрик (устаревшее) __
a Жанр/ форма (устаревшее) Учебное пособие
700 Другие авторы __
a Другие авторы Труфанов Д.О.
q Полное имя Труфанов Дмитрий Олегович
u Дополнение Сибирский федеральный университет
700 Другие авторы __
a Другие авторы Антипина О.И.
q Полное имя Антипина Ольга Ивановна
700 Другие авторы __
a Другие авторы Горбунов В. А.
q Полное имя Горбунов Виталий Александрович
u Дополнение Сибирская пожарно-спасательная академия
700 Другие авторы __
a Другие авторы Савочкин Д.
q Полное имя Савочкин Дмитрий
856 Электронный адрес документа 4_
a Имя сервера/домена znanium.com
m Помощь ebs_support@infra-m.ru
n Местонахождение сервера НИЦ ИНФРА-М
u URL https://znanium.com/catalog/document?id=54322
856 Электронный адрес документа 48
a Имя сервера/домена znanium.com
d Путь /cover/0912
f Электронное имя 912707.jpg
q Тип электронного формата image/jpeg
u URL https://znanium.com/cover/0912/912707.jpg
911 __
u 0030=https://znanium.com/catalog/document?id=54322
911 __
u 712a=Сибирский федеральный университет